MARC

LEADER 00000nam0a2200000 4500
001 50430
005 20231031033048.0
010 |a 5759601954 
035 |a (RuTPU)RU\TPU\book\52810 
090 |a 50430 
100 |a 20030416d2000 m y0rusy50 ca 
101 0 |a rus 
102 |a RU 
105 |a a z 010zy 
200 1 |a Библиотека ДВГТУ  |a История и современность  |f Под ред. Г. П. Турмова 
210 |a Владивосток  |c Изд-во ДВГТУ  |d 2000 
215 |a 90 с.  |c ил. 
225 1 |a Памятники истории и архитектуры Дальневосточного государственного технического университета 
300 |a К 140-летию Владивостока 
610 1 |a библиотеки 
610 1 |a библиотечное дело 
610 1 |a Дальний Восток 
610 1 |a вузовские библиотеки 
610 1 |a ДВГТУ 
686 |a Ч734(2)718  |v LBC/SL-A  |2 rubbk 
702 1 |a Турмов  |b Г. П.  |4 340 
801 1 |a RU  |b 63413507  |c 20030416  |g PSBO 
801 2 |a RU  |b 63413507  |c 20220714  |g PSBO 
942 |c BK